| 000 | 00479nam a2200205Ia 4500 | ||
|---|---|---|---|
| 008 | 210210b1967 xxu||||| |||| 00| 0 eng d | ||
| 041 | _aeng | ||
| 082 | _a822/1368 | ||
| 100 | _aCLUTTERBUCK (Richard) | ||
| 245 |
_aLong long war _bEmergency in Malaya 1948-1960 |
||
| 260 |
_aLondon _bCassell _c1967 |
||
| 650 | _awar | ||
| 650 | _aMalaya | ||
| 650 | _aLong | ||
| 650 | _ain | ||
| 650 | _aEmergency | ||
| 650 | _a1948-1960 | ||
| 690 | _aEnglish Prose | ||
| 906 | _a013549 | ||
| 999 |
_c132430 _d132430 |
||